Xây dựng chương trình trên cơ sở quyền trẻ em Sổ tay hướng dẫn dành cho các thành viên của Liên minh các Tổ chức Cứu trợ Trẻ em quốc tế

Bewaard in:
Bibliografische gegevens
Formaat: Boek
Taal:Vietnamese
Gepubliceerd in: Hà Nội Chính Trị Quốc Gia 2003
Onderwerpen:
Tags: Voeg label toe
Geen labels, Wees de eerste die dit record labelt!
Thư viện lưu trữ: Trung tâm Học liệu Lê Vũ Hùng, Trường Đại học Đồng Tháp
LEADER 00941aam a22002538a 4500
001 00028343
005 20171026081023.0
008 120327s2003 ||||||viesd
041 0 # |a vie 
082 1 4 |a 342.08  |b X126D 
245 0 0 |b Sổ tay hướng dẫn dành cho các thành viên của Liên minh các Tổ chức Cứu trợ Trẻ em quốc tế  |a Xây dựng chương trình trên cơ sở quyền trẻ em 
260 # # |a Hà Nội  |b Chính Trị Quốc Gia  |c 2003 
300 # # |a 78tr.  |c 30cm. 
500 # # |a Ngoài bìa ghi: Save the Children 
650 # 4 |a Quyền trẻ em  |x Chương trình 
653 # # |a Công tác xã hội 
653 # # |a Quyền trẻ em 
653 # # |a Trẻ em 
852 # # |b Kho đọc  |j KD.0012702 
852 # # |j KD.0012702 
910 |d 27/03/2012 
980 # # |a Trung tâm Học liệu Lê Vũ Hùng, Trường Đại học Đồng Tháp